| 000 | 00740nam a2200229Ii 4500 | ||
|---|---|---|---|
| 003 | JO-AjNU | ||
| 008 | 230605s9999||||xx |||||||||||||| ||und|| | ||
| 017 | _a1423/4661 | ||
| 020 | _a9960-33-695-6 | ||
| 040 |
_aJO-AjNU _bara _erda _cJO-AjNU |
||
| 041 | _aara | ||
| 050 | 1 | 4 | _aBP190.5 2003 |
| 100 | 3 |
_aالخزيم، محمد بن صالح بن سليمان, _eauthor _949116 |
|
| 245 | 0 | 0 | _aالطيب والتطيب في حياة المسلم |
| 250 | _aط1 | ||
| 264 | 3 | 1 | _aالرياض: دار القاسم للنشر والتوزيع، 2003 |
| 300 | _a104ص | ||
| 336 |
_atext _btxt _2rdacontent |
||
| 337 |
_aunmediated _bn _2rdamedia |
||
| 338 |
_avolume _bnc _2rdacarrier |
||
| 650 | 4 |
_aالاداب الاسلامية _949117 |
|
| 999 |
_aA21553 _c25121 _d25121 |
||